Náklady a výnosy ako činitele výsledku hospodárenia banky diplomová práca
Uložené v:
| Hlavný autor: | |
|---|---|
| Korporativný autor: | |
| Ďalší autori: | |
| Médium: | Kniha |
| Jazyk: | Slovak |
| Vydavateľské údaje: |
Bratislava
2014
|
| Tagy: |
Žiadne tagy, Buďte prvý, kto otaguje tento záznam!
|
MARC
| LEADER | 00000nbm a2200000 4500 | ||
|---|---|---|---|
| 001 | 0188708 | ||
| 005 | 20170201105705.5 | ||
| 041 | 0 | |a slo | |
| 044 | |a SK | ||
| 245 | 1 | 0 | |a Náklady a výnosy ako činitele výsledku hospodárenia banky |b diplomová práca |c Katarína Illá ; školiteľ: Dagmar Boušková |
| 264 | 1 | |a Bratislava |c 2014 | |
| 300 | |a 61 s. | ||
| 100 | 1 | |a Illá, Katarína | |
| 700 | 1 | |a Boušková, Dagmar | |
| 710 | 2 | |a Fakulta hospodárskej informatiky EU. Katedra účtovníctva a audítorstva | |